| 000 | 00956cam a2200253 i 4500 | ||
|---|---|---|---|
| 005 | 20251109115840.0 | ||
| 008 | 250721s2004 ua gr 000 0 ara d | ||
| 020 | _a9772084279 | ||
| 041 | 1 |
_aara _heng |
|
| 082 | 1 | 4 |
_a155.42 _bو ا ط |
| 100 | 1 |
_aواطسون، روبرت _eمؤلف. |
|
| 245 | 1 | 0 |
_aسيكولوجية الطفل والمراهق / _cتأليف روبرت واطسون، هنري كلاي ليندجرين ؛ ترجمة د. داليا عزت مؤمن. |
| 250 | _aالطبعة الأولى. | ||
| 264 | 3 | 1 |
_aالقاهرة : _bمكتبة مدبولي، _c2004. |
| 300 | _a706 صفحة. | ||
| 650 | 1 | 7 | _aعلم نفس النمو. |
| 650 | 1 | 7 | _aالأطفال. |
| 650 | 1 | 7 | _aالمراهقون. |
| 650 | 1 | 7 | _aسيكولوجية المراهقين. |
| 700 | 1 |
_aجرين، هنري كلاي ليند _eمؤلف. |
|
| 700 | 1 |
_aمؤمن، داليا عزت _eمترجم. |
|
| 942 |
_2ddc _cBK |
||
| 999 |
_c74512 _d74512 |
||